2022 Formula One Drivers - Statistics

General Stats
  • This quiz has been taken 40,239 times
    40,073 since last reset
  • The average score is 18 of 20
Answer Stats
Team Country Driver % Correct
Mercedes United Kingdom Lewis Hamilton
99%
Red Bull Netherlands Max Verstappen
98%
Ferrari Monaco Charles Leclerc
96%
Ferrari Spain Carlos Sainz
94%
Red Bull Mexico Sergio Pérez
94%
McLaren Australia Daniel Ricciardo
93%
Alpine Spain Fernando Alonso
93%
McLaren United Kingdom Lando Norris
93%
Aston Martin Germany Sebastian Vettel
92%
Alfa Romeo Finland Valtteri Bottas
92%
Mercedes United Kingdom George Russell
90%
AlphaTauri France Pierre Gasly
90%
Aston Martin Canada Lance Stroll
89%
AlphaTauri Japan Yuki Tsunoda
89%
Alpine France Esteban Ocon
88%
Williams Thailand Alexander Albon
87%
Haas Denmark Kevin Magnussen
86%
Haas Germany Mick Schumacher
86%
Alfa Romeo China Zhou Guanyu
86%
Williams Canada Nicholas Latifi
81%
No matching quizzes found
Score Distribution
Percent of People with Each Score
Percentile by Number Answered
Your Score History
You have not taken this quiz since the last reset